000 00530nam a22001817a 4500
003 OSt
005 20220902111227.0
008 220902b |||||||| |||| 00| 0 eng d
020 _a0632028645
040 _cIFM Library
082 _a658.4038 11072
110 _aRobert, Galliers (ed).
245 _aInformation Systems Research: Issues, Methods and Practical Guidelines
260 _aLondon:
_bBlackwell Scientific Publication,
_c1992
300 _axxii, 277p.:
_bill.; 24cm.
500 _aIncludes Index
942 _cBK
_2ddc
_n0
999 _c18837
_d18837